• 首页
  • 本馆介绍
  • 公告通知
  • 最新文献
  • 馆藏检索
  • 电子资源
  • 读者导购
  • 参考咨询
  • 我的图书馆
  • 登录
  • 详细信息显示
  • 放入我的书架
  • 预约/预借图书
  • 作者相关作品
  • 分类相关作品
  • 丛书相关作品
  • 出版社相关作品

书目信息

  • 表格格式
  • 工作单格式
  • 卡片格式
题名:
地球是怎样演变的
    
 
作者: 何国琦 著
分册:  
出版信息: 北京   中国青年出版社  1983
页数: 253页
开本: 19cm
丛书名:
单 册:
中图分类: P183.1
科图分类:
主题词: 地球演化 , 太阳系
电子资源:
ISBN:
000 00648nam0 2200253 45
001 0183005987
005 20040706112056.0
010    @dCNY0.70
091    @a13009.276
100    @a19950606d1983 em y0chiy0121 ea
101 0  @achi
102    @aCN@b110000
105    @ay z 000yy
106    @ar
200 10 @a地球是怎样演变的@Adi qiu shi zen yang yan bian de@f何国琦著
210    @a北京@c中国青年出版社@d1983
215    @a253页@d19cm
606    @a地球演化
606 0  @a太阳系
690    @aP183.1@v3
701  0 @a何国琦@Ahe guo qi@4著
801  0 @aCN@b上海图书馆@c20040520
801  2 @aCN@bNLC@c20040520
905    @dP183.1@e63@f1@b218135
    
    地球是怎样演变的/何国琦著.-北京:中国青年出版社,1983
    253页;19cm
    
    
    ISBN :CNY0.70
    
●
相关链接 在E读中查询图书 在五车中查询图书 在当当中查询图书 在豆瓣中查询图书


正题名:地球是怎样演变的     索取号:P183.1/63         预约/预借

序号 登录号 条形码 馆藏地/架位号 状态 备注
1 0218135   001930806   第三借阅区/ [索取号:P183.1/63] 在馆    
2 0218136   000628814   第三借阅区/ [索取号:P183.1/63] 在馆    
3 0218137   001698363   第二样本阅览室/ [索取号:P183.1/63] 在馆    
唐山师范学院图书馆 欢迎您!
大连网信软件有限公司© 版权所有